000 00958nas a2200289 i 4500
001 1948
003 ES-MaACL
005 20251205130603.0
007 t|
008 950801d19211931sp m| | 1 ||pa d
022 _a1131-0855
080 _a460
245 0 0 _aRevista médica gallega /
_cdirección cientíca P. Pena y Pérez, Albela Ande, M. Merino Simón.
260 _aSantiago de Compostela :
_bTip. de El Eco de Santiago,
_c1921-1931.
300 _a9 v. :
_bgrab. ;
_c27 cm.
310 _aMensual
362 0 _aAño I, t. I (ene. 1921)-1931.
650 1 7 _aMedicina
_2embne
_914891
655 7 _2tgfbne
_9226866
_aRevistas
700 1 _aPena y Pérez, Pedro
_9155625
700 1 _aAlbela Ande, D,
_9194326
700 1 _aMerino Simón, M,
_9194327
852 _aES-MaACL
_jHEM-H-64
_xhem-1119
866 0 _o1922(1923f.sep.-oct.)1924(1925f.jun.y nov.)(1926f.jun.)(1927f.jun.)1928-29(1930f.ago.-dic.).
942 _2udc
999 _c1948
_d1948